Genomics and proteomics: Functional and computational aspects (Record no. 396771)
[ view plain ]
| 000 -LEADER | |
|---|---|
| fixed length control field | 00536 a2200205 4500 |
| 005 - DATE & TIME | |
| control field | 20260407121805.0 |
| 008 - FIXED-LENGTH DATA ELEMENTS--GENERAL INFORMATION | |
| fixed length control field | 260407b |||||||| |||| 00| 0 eng d |
| 020 ## - ISBN | |
| International Standard Book Number | 9789384533960 |
| Price | Rs. 3495.00 |
| 040 ## - CATALOGING SOURCE | |
| Original cataloging agency | VIVEKANANDA LIBRARY |
| 082 ## - DDC NUMBER | |
| Classification number | 572.86 |
| Book Number | K423G |
| 100 ## - MAIN ENTRY--PERSONAL NAME | |
| Personal name | Kenyes, Herry |
| 245 ## - TITLE STATEMENT | |
| Title | Genomics and proteomics: Functional and computational aspects |
| 260 ## - PUBLICATION, DISTRIBUTION, ETC. (IMPRINT) | |
| Name of publisher, distributor, etc | Amiga Press |
| Date of publication, distribution, etc | 2026 |
| Place of publication, distribution, etc | Delhi |
| 300 ## - PHYSICAL DESCRIPTION | |
| Pages | viii, 241 |
| 650 ## - Subject | |
| Subject | Genetics |
| 650 ## - Subject | |
| Subject | Biology |
| 650 ## - Subject | |
| Subject | Molecular Biology |
| 650 ## - Subject | |
| Subject | Genomics |
| 942 ## - ADDED ENTRY ELEMENTS (KOHA) | |
| Koha item type | Books |
| Withdrawn status | Lost status | Source of classification or shelving scheme | Damaged status | Not for loan | Location (home branch) | Sublocation or collection (holding branch) | Shelving location | Date acquired | Koha issues (times borrowed) | Koha full call number | Accession No. | Koha date last seen | Koha item type |
|---|---|---|---|---|---|---|---|---|---|---|---|---|---|
| Dewey Decimal Classification | VIVEKANANDA LIBRARY | VIVEKANANDA LIBRARY | Vivekananda Library | 19/02/2026 | 572.86 K423G | 438534 | 19/02/2026 | Books |
